| 000 | 00706nam a22002057a 4500 | ||
|---|---|---|---|
| 005 | 20100805110935.0 | ||
| 010 | _aENG-98195 | ||
| 020 |
_a9788173872204 _c950.00 |
||
| 035 | _aEN-81728 | ||
| 037 | _bDBAD/PUB | ||
| 082 | _a745.095413 | ||
| 100 |
_aJain, Madhu _96470 |
||
| 245 |
_aFolk arts of Uttar Pradsh / _cby Madhu Jain |
||
| 260 |
_aNew Delhi _bIndus Publishig Company _c2009 |
||
| 270 |
_aFS-5, tagore Garden _bNew Delhi _e110027 |
||
| 300 |
_a135p. _c24cm (Hb) |
||
| 500 | _aIncludes index | ||
| 942 |
_2ddc _cEN _h745.095413 _mJAI |
||
| 999 |
_c39361 _d39361 |
||